[Event "2nd Kolkata GM Open 2015"]
[Site "Kolkata IND"]
[Date "2015.03.18"]
[Round "3.6"]
[White "Narayanan, Srinath"]
[Black "Kulkarni, Rakesh"]
[Result "1-0"]
[WhiteTitle "IM"]
[WhiteElo "2459"]
[BlackElo "2282"]
[WhiteFideId "5018420"]
[BlackFideId "5037077"]
[EventDate "2015.03.16"]

1. e4 d5 2. exd5 Qxd5 3. Nc3 Qd6 4. d4 Nf6 5. Nf3 c6 6. h3 Bf5 7. Ne5 Nbd7 8.
Nc4 Qc7 9. Qf3 e6 10. Bf4 Qd8 11. O-O-O Nb6 12. g4 Bg6 13. Ne5 Nbd5 14. h4 Nxc3
15. Qxc3 Be4 16. f3 Bd5 17. Kb1 Be7 18. Be2 Rc8 19. Qe3 b5 20. b3 Qb6 21. h5 h6
22. g5 hxg5 23. Bxg5 Ng8 24. Bxe7 Nxe7 25. h6 gxh6 26. Rxh6 Rf8 27. Qg5 Nf5 28.
Ng4 Kd7 29. Rh7 Kc7 30. Ne5 Rcd8 31. Rxf7+ Rxf7 32. Nxf7 Rd7 33. Ne5 Rg7 34. Qf6
Kb7 35. Nf7 Rg2 36. Nd8+ Ka6 37. Nxe6 Bxe6 38. Qxe6 Nxd4 39. Rxd4 Rxe2 40. Qc8+
Qb7 41. Qg8 Qe7 42. a4 Qc5 43. Qc8+ Kb6 44. a5+ Kxa5 45. b4+ Qxb4+ 46. Rxb4 Kxb4
47. Qxc6 Ka3 48. Qc5+ Ka4 49. Qxa7+ 1-0

[Event "2nd Kolkata GM Open 2015"]
[Site "Kolkata IND"]
[Date "2015.03.18"]
[Round "3.7"]
[White "Neelotpal, Das"]
[Black "Sahoo, Utkal Ranjan"]
[Result "1/2-1/2"]
[WhiteTitle "GM"]
[WhiteElo "2446"]
[BlackElo "2241"]
[WhiteFideId "5003512"]
[BlackFideId "5034566"]
[EventDate "2015.03.16"]

1. e4 e5 2. Nf3 Nf6 3. Nxe5 d6 4. Nf3 Nxe4 5. d4 d5 6. Bd3 Nc6 7. O-O Be7 8. Nc3
Nxc3 9. bxc3 O-O 10. h3 Be6 11. Rb1 Rb8 12. Re1 a6 13. Bf4 b5 14. Re3 Qd7 15.
Qe2 Bd6 16. Be5 Bf5 17. Re1 Nxe5 18. dxe5 Bc5 19. Nd4 Bxd4 20. cxd4 c5 21. dxc5
Rbc8 22. Rg3 Rxc5 23. Qe3 Rc6 24. Qd4 Rg6 25. Ree3 Bxd3 26. cxd3 Rxg3 27. Rxg3
Qe6 28. f4 f6 29. exf6 Rxf6 30. Rg5 h6 31. Rxd5 1/2-1/2

[Event "2nd Kolkata GM Open 2015"]
[Site "Kolkata IND"]
[Date "2015.03.18"]
[Round "3.8"]
[White "Stany, G.A."]
[Black "Kokarev, Dmitry"]
[Result "1/2-1/2"]
[WhiteTitle "IM"]
[BlackTitle "GM"]
[WhiteElo "2380"]
[BlackElo "2638"]
[WhiteFideId "5029104"]
[BlackFideId "4132181"]
[EventDate "2015.03.16"]

1. Nf3 c5 2. b3 b6 3. Bb2 Bb7 4. g3 Bxf3 5. exf3 Nc6 6. f4 e6 7. Bg2 Rc8 8. O-O
Nf6 9. f5 Be7 10. fxe6 dxe6 11. Re1 O-O 12. Nc3 Qd7 13. Bxc6 Qxc6 14. d3 Rfd8
15. Ne4 Ne8 16. a4 Qd5 17. Qe2 Qf5 18. Kg2 Nc7 19. Qf3 Qxf3+ 20. Kxf3 Nd5 21.
Kg2 Nb4 22. Re2 Nc6 23. Nd2 Bf6 24. Bxf6 gxf6 25. Nf3 Rd5 26. Rae1 Kg7 27. Re4
Nd4 28. Rg4+ Kf8 29. Rc1 f5 30. Rh4 Kg7 31. Nd2 Nc6 32. Nf3 Nd4 33. Nd2 Kg6 34.
Kf1 h5 35. Kg2 Kg5 36. Nf3+ Nxf3 37. Kxf3 Rd4 38. Rh3 e5 39. Ke3 Rcd8 40. f4+
Kg6 41. fxe5 R4d5 42. Rh4 Rxe5+ 43. Kf3 Rd6 44. Rf1 Rde6 45. Rf4 Re1 46. Kg2
R6e2+ 47. R4f2 Rxf2+ 48. Kxf2 Re6 49. Kf3 Kf6 50. Rd1 Ke5 51. c3 Kd5 52. h4 a6
53. Kf4 Rg6 54. Re1 Rg4+ 55. Kf3 f6 56. Re8 f4 57. gxf4 Rxh4 58. Ra8 Rh3+ 59.
Ke2 Rh2+ 60. Kf3 Rh3+ 61. Ke2 Rh2+ 62. Kf3 Rh3+ 1/2-1/2

[Event "2nd Kolkata GM Open 2015"]
[Site "Kolkata IND"]
[Date "2015.03.18"]
[Round "3.9"]
[White "Soumya, Swaminathan"]
[Black "Gopal, G.N."]
[Result "1/2-1/2"]
[WhiteTitle "WGM"]
[BlackTitle "GM"]
[WhiteElo "2366"]
[BlackElo "2575"]
[WhiteFideId "5016193"]
[BlackFideId "5015693"]
[EventDate "2015.03.16"]

1. d4 Nf6 2. c4 g6 3. Nf3 Bg7 4. Nc3 d5 5. Qb3 dxc4 6. Qxc4 O-O 7. e4 a6 8. Be2
b5 9. Qb3 c5 10. dxc5 Be6 11. Qc2 Nbd7 12. Be3 Rc8 13. Rd1 b4 14. Nd5 Bxd5 15.
exd5 Nxc5 16. O-O a5 17. Bb5 Nce4 18. Bc6 Nd6 19. Qc5 Qc7 20. Qb6 Qxb6 21. Bxb6
Nc4 22. Bd4 e6 23. b3 exd5 24. Bxd5 Nd6 25. Be5 Nfe4 26. Ng5 Bxe5 27. Nxe4 Nxe4
28. Bxe4 Rfd8 29. Bd5 Kg7 30. Bc4 Kf6 31. g3 Bc3 32. Kg2 Ke7 33. Kf3 f5 34. Rd5
Rxd5 35. Bxd5 Rc5 36. Rd1 Bf6 37. Bc4 Be5 1/2-1/2

[Event "2nd Kolkata GM Open 2015"]
[Site "Kolkata IND"]
[Date "2015.03.18"]
[Round "3.10"]
[White "Lu, Shanglei"]
[Black "Vignesh, NR"]
[Result "1/2-1/2"]
[WhiteTitle "GM"]
[WhiteElo "2570"]
[BlackElo "2365"]
[WhiteFideId "8603332"]
[BlackFideId "25012215"]
[EventDate "2015.03.16"]

1. e4 e5 2. Nf3 Nc6 3. Bb5 a6 4. Ba4 d6 5. c3 Bd7 6. O-O g6 7. d4 Bg7 8. Bg5
Nge7 9. Na3 h6 10. Be3 O-O 11. dxe5 Nxe5 12. Nxe5 Bxa4 13. Qxa4 dxe5 14. Rad1
Qc8 15. Bc5 Re8 16. Rd7 Nc6 17. Rd5 b5 18. Qc2 Nd8 19. Rfd1 Ne6 20. Be3 c6 21.
R5d3 h5 22. Qe2 Rd8 23. Nc2 Rxd3 24. Rxd3 Bf8 25. f3 Qc7 26. Qd2 a5 27. Kf1 Rd8
28. Rxd8 Nxd8 29. Ke2 Ne6 30. Qd3 Bc5 31. g3 Kf8 1/2-1/2

[Event "2nd Kolkata GM Open 2015"]
[Site "Kolkata IND"]
[Date "2015.03.18"]
[Round "3.11"]
[White "Sengupta, Deep"]
[Black "Laxman, R.R."]
[Result "1-0"]
[WhiteTitle "GM"]
[BlackTitle "GM"]
[WhiteElo "2567"]
[BlackElo "2375"]
[WhiteFideId "5008352"]
[BlackFideId "5005361"]
[EventDate "2015.03.16"]

1. e4 e5 2. Nf3 Nc6 3. Bb5 Nf6 4. d3 d6 5. O-O g6 6. d4 Bd7 7. d5 Nb8 8. Bd3 Bg7
9. c4 Na6 10. Nc3 O-O 11. Re1 Nc5 12. Bf1 a5 13. h3 h6 14. b3 b6 15. Rb1 Nh5 16.
Be3 f5 17. Nd2 f4 18. Bxc5 bxc5 19. a3 Nf6 20. b4 axb4 21. axb4 cxb4 22. Rxb4 g5
23. Be2 Rf7 24. c5 Bf8 25. c6 Be8 26. g4 h5 27. f3 Rh7 28. Kg2 Bg6 29. Qb3 Qe7
30. Rb8 Rxb8 31. Qxb8 Qg7 32. Qb1 hxg4 33. hxg4 Qh6 34. Rh1 Qxh1+ 35. Qxh1 Rxh1
36. Kxh1 Kf7 37. Ba6 Ke7 38. Bc8 Kd8 39. Be6 Ne8 40. Nb5 Ng7 41. Bd7 Be8 42.
Bxe8 Nxe8 43. Na7 Nf6 44. Nc4 Be7 45. Kg2 Nh7 46. Na5 Nf8 47. Nb7+ Ke8 48. Nb5
Bd8 49. Na5 Ng6 50. Nc4 Ke7 51. Nca3 Nf8 52. Nc2 Nh7 53. Nb4 Nf6 54. Kf2 1-0

[Event "2nd Kolkata GM Open 2015"]
[Site "Kolkata IND"]
[Date "2015.03.18"]
[Round "3.12"]
[White "Lalith, Babu M.R."]
[Black "Thakur, Akash"]
[Result "1-0"]
[WhiteTitle "GM"]
[BlackTitle "FM"]
[WhiteElo "2556"]
[BlackElo "2348"]
[WhiteFideId "5024595"]
[BlackFideId "5008514"]
[EventDate "2015.03.16"]

1. d4 d5 2. Nf3 Nf6 3. c4 c6 4. Nc3 dxc4 5. a4 Bf5 6. Ne5 Nbd7 7. Nxc4 Qc7 8.
Qd2 g6 9. f3 e5 10. e4 exd4 11. Ne2 Bxe4 12. fxe4 Nxe4 13. Qxd4 O-O-O 14. Qxe4
Bb4+ 15. Bd2 Nc5 16. Qe3 Bxd2+ 17. Nxd2 Qb6 18. Nc4 Qb4+ 19. Nc3 Rhe8 20. Nd6+
Rxd6 21. Qxe8+ Rd8 22. Qe3 1-0

[Event "2nd Kolkata GM Open 2015"]
[Site "Kolkata IND"]
[Date "2015.03.18"]
[Round "3.13"]
[White "Pradeep, Kumar R.A."]
[Black "Kovalev, Vladislav"]
[Result "0-1"]
[BlackTitle "GM"]
[WhiteElo "2307"]
[BlackElo "2531"]
[WhiteFideId "5023181"]
[BlackFideId "13504398"]
[EventDate "2015.03.16"]

1. Nf3 Nf6 2. c4 g6 3. g3 Bg7 4. Bg2 O-O 5. O-O d6 6. d4 Nbd7 7. Nc3 e5 8. e4 c6
9. h3 Qb6 10. d5 Nc5 11. Qe2 Qa6 12. Bg5 h6 13. Bxf6 Bxf6 14. Rac1 Kg7 15. Rfd1
Be7 16. b4 Nd7 17. a4 c5 18. Nb5 Qb6 19. a5 Qd8 20. Qb2 cxb4 21. Qxb4 Nc5 22.
Ne1 f5 23. f3 a6 24. Na3 fxe4 25. fxe4 Qc7 26. Nd3 Bg5 27. Rb1 Be3+ 28. Kh2 Nxd3
29. Rxd3 Bc5 30. Qb3 Qxa5 31. Nc2 b5 32. Nb4 bxc4 33. Qxc4 Qa4 34. Qb3 Qd7 35.
Nc6 a5 36. Qc3 Rf2 37. g4 Qf7 38. Rf3 Rxf3 39. Bxf3 a4 40. Nd8 Qf4+ 41. Kg2 a3
42. Ne6+ Bxe6 43. dxe6 a2 44. Ra1 Ra3 0-1

[Event "2nd Kolkata GM Open 2015"]
[Site "Kolkata IND"]
[Date "2015.03.18"]
[Round "3.14"]
[White "Wang, Chen"]
[Black "Roy, Prantik"]
[Result "1-0"]
[WhiteTitle "IM"]
[WhiteElo "2500"]
[BlackElo "2300"]
[WhiteFideId "8601020"]
[BlackFideId "5035120"]
[EventDate "2015.03.16"]

1. e4 e5 2. Nf3 Nf6 3. d3 Nc6 4. g3 Bc5 5. Bg2 d6 6. O-O O-O 7. Nc3 a6 8. h3 Be6
9. Nh4 h6 10. Nf5 Bxf5 11. exf5 Nd4 12. Ne4 Ba7 13. Nxf6+ Qxf6 14. Bxb7 Rab8 15.
Bg2 Nxf5 16. Kh2 Qe6 17. c3 a5 18. Qa4 Bb6 19. Bd2 d5 20. Rae1 c6 21. Qg4 Bc7
22. Bc1 Qg6 23. b3 Rfe8 24. Re2 Qxg4 25. hxg4 Ne7 26. Ba3 Rbd8 27. c4 f6 28.
cxd5 cxd5 29. Rc1 Bd6 30. Bxd6 Rxd6 31. Rc5 Ra8 32. f4 a4 33. b4 e4 34. dxe4
Rad8 35. Rc7 Re6 36. Rd2 d4 37. Rc4 Red6 38. b5 a3 39. Ra4 g5 40. Rxa3 Ng6 41.
Rf3 Ra8 42. Bf1 Ra4 43. Bd3 Nf8 44. Bc2 Rb4 45. e5 Rd8 46. Bb3+ Kg7 47. exf6+
Kxf6 48. a4 gxf4 49. gxf4 Rd6 50. Rh3 Kg7 51. Rhd3 Nd7 52. Rc2 Nb6 53. Rc7+ Rd7
54. Rc6 Nxa4 55. f5 Nc3 56. f6+ Kg6 57. f7+ Kg7 58. Rg6+ Kxg6 1-0

[Event "2nd Kolkata GM Open 2015"]
[Site "Kolkata IND"]
[Date "2015.03.18"]
[Round "3.15"]
[White "Gusain, Himal"]
[Black "Rahman, Ziaur"]
[Result "1-0"]
[BlackTitle "GM"]
[WhiteElo "2343"]
[BlackElo "2496"]
[WhiteFideId "5033861"]
[BlackFideId "10200037"]
[EventDate "2015.03.16"]

1. e4 g6 2. d4 Bg7 3. Be3 d6 4. Nc3 c6 5. Qd2 b5 6. h3 Nd7 7. Nf3 Bb7 8. Bd3 a6
9. a4 e5 10. d5 b4 11. dxc6 Bxc6 12. Ne2 Qb8 13. Ng3 Ngf6 14. Bh6 Bxh6 15. Qxh6
Ke7 16. b3 Nc5 17. O-O Qf8 18. Qe3 Ne6 19. Rad1 Qb8 20. Bc4 h6 21. Nh4 Qa7 22.
Bxe6 Kxe6 23. Qe2 Ke7 24. Ngf5+ gxf5 25. Nxf5+ Kf8 26. Rxd6 Bxe4 27. Rxf6 Bxf5
28. Rxf5 Qc7 29. Rxe5 Rg8 30. Qe4 Rb8 31. Re1 Rg6 32. g3 Qc6 33. Qf4 Kg8 34. Re6
fxe6 35. Qxb8+ Kh7 36. Qxb4 Qxc2 37. Qe7+ Kh8 38. Qf8+ Kh7 39. Qf7+ 1-0

[Event "2nd Kolkata GM Open 2015"]
[Site "Kolkata IND"]
[Date "2015.03.18"]
[Round "3.16"]
[White "Puranik, Abhimanyu"]
[Black "Deepan, Chakkravarthy J."]
[Result "0-1"]
[WhiteTitle "CM"]
[BlackTitle "GM"]
[WhiteElo "2264"]
[BlackElo "2476"]
[WhiteFideId "5061245"]
[BlackFideId "5011132"]
[EventDate "2015.03.16"]

1. e4 c6 2. d4 d5 3. Nd2 dxe4 4. Nxe4 Nd7 5. Ng5 e6 6. Bd3 Ngf6 7. Qe2 Bd6 8.
N1f3 h6 9. Ne4 Nxe4 10. Qxe4 Qc7 11. Qg4 Kf8 12. O-O b6 13. b3 Bb7 14. Bb2 Nf6
15. Qh4 Nd5 16. Ne5 g5 17. Qg4 f5 18. Bxf5 Bxe5 19. Bxe6 Bf6 20. Rae1 Kg7 21. f4
Raf8 22. fxg5 hxg5 23. Re5 Rh6 24. Rff5 Bc8 25. Ba3 Bxe6 26. Bxf8+ Kxf8 27. Qxg5
Qg7 28. h4 Kg8 29. Qxg7+ Kxg7 0-1

[Event "2nd Kolkata GM Open 2015"]
[Site "Kolkata IND"]
[Date "2015.03.18"]
[Round "3.17"]
[White "Swapnil, S. Dhopade"]
[Black "Kunal, M."]
[Result "1-0"]
[WhiteTitle "IM"]
[WhiteElo "2450"]
[BlackElo "2327"]
[WhiteFideId "5019184"]
[BlackFideId "5018250"]
[EventDate "2015.03.16"]

1. Nf3 Nf6 2. g3 d5 3. Bg2 c6 4. c4 Bg4 5. Ne5 Be6 6. cxd5 Bxd5 7. Nf3 c5 8. Nc3
Bc6 9. O-O e6 10. Re1 Nbd7 11. e4 e5 12. d3 g6 13. a3 a5 14. Rb1 a4 15. b4 axb3
16. Qxb3 Bg7 17. Nd2 O-O 18. Nc4 b5 19. Nd6 c4 20. Qb4 Nb8 21. dxc4 Na6 22. Qb2
Qxd6 23. cxb5 Rfb8 24. Qd2 Qxd2 25. Bxd2 Be8 26. bxa6 Rxb1 27. Rxb1 Rxa6 28. Rb8
Kf8 29. Nd5 Nxd5 30. exd5 f5 31. Bf1 1-0

[Event "2nd Kolkata GM Open 2015"]
[Site "Kolkata IND"]
[Date "2015.03.18"]
[Round "3.18"]
[White "Harsha, Bharathakoti"]
[Black "Xu, Yinglun"]
[Result "0-1"]
[WhiteElo "2301"]
[BlackElo "2443"]
[WhiteFideId "5078776"]
[BlackFideId "8604940"]
[EventDate "2015.03.16"]

1. d4 d5 2. c4 e6 3. Nf3 Nf6 4. g3 Bb4+ 5. Bd2 Be7 6. Bg2 c6 7. Qc2 b6 8. O-O
O-O 9. Rd1 Nbd7 10. Bf4 Bb7 11. Nc3 dxc4 12. Nd2 Nd5 13. Nxc4 Nxf4 14. gxf4 g6
15. e3 Qc7 16. a4 Rac8 17. Rac1 Rfd8 18. Qb3 Nf6 19. a5 b5 20. Ne5 Qxa5 21. Ne4
Nxe4 22. Bxe4 Qa6 23. Nd3 c5 24. Bxb7 Qxb7 25. Nxc5 Qf3 26. Nd3 Qg4+ 27. Kf1
Qh3+ 28. Kg1 a6 29. Rxc8 Rxc8 30. Rc1 Rxc1+ 31. Nxc1 g5 32. fxg5 Bd6 33. f4 Qg4+
34. Kh1 Qf3+ 35. Kg1 a5 36. Qd3 Bb4 37. Qe2 Qxe2 38. Nxe2 a4 39. Kf2 Bd2 40. d5
exd5 41. Nd4 b4 42. Ke2 Bc1 43. Kd1 Bxb2 44. f5 Bxd4 45. exd4 f6 46. h4 a3 47.
Kc2 a2 48. Kb2 b3 49. Ka1 Kg7 50. gxf6+ 0-1

[Event "2nd Kolkata GM Open 2015"]
[Site "Kolkata IND"]
[Date "2015.03.18"]
[Round "3.19"]
[White "Das, Sayantan"]
[Black "Saravana, Krishnan P."]
[Result "1-0"]
[WhiteTitle "IM"]
[WhiteElo "2433"]
[BlackElo "2283"]
[WhiteFideId "5034426"]
[BlackFideId "5018382"]
[EventDate "2015.03.16"]

1. e4 e6 2. d4 d5 3. Nc3 Nf6 4. e5 Nfd7 5. f4 c5 6. Nf3 Nc6 7. Be3 a6 8. Qd2 b5
9. dxc5 Nxc5 10. Qf2 Nd7 11. Bd3 Be7 12. O-O g6 13. Ne2 Qc7 14. a3 b4 15. a4 Na5
16. Bd4 Nc5 17. Nd2 Bd7 18. f5 gxf5 19. Nf4 Nxd3 20. cxd3 Nc6 21. Rfc1 Rg8 22.
Nf3 Rg4 23. Qe3 Qb7 24. h3 Rg8 25. Bc5 Bd8 26. Nh5 Rg6 27. Qh6 Be7 28. Qxh7
Bxc5+ 29. Rxc5 O-O-O 30. Nf6 Rf8 31. Rac1 1-0

[Event "2nd Kolkata GM Open 2015"]
[Site "Kolkata IND"]
[Date "2015.03.18"]
[Round "3.20"]
[White "Lokesh, N."]
[Black "Himanshu, Sharma"]
[Result "0-1"]
[BlackTitle "IM"]
[WhiteElo "2120"]
[BlackElo "2432"]
[WhiteFideId "5025044"]
[BlackFideId "5007836"]
[EventDate "2015.03.16"]

1. e4 c5 2. Nf3 e6 3. d4 cxd4 4. Nxd4 Nc6 5. Nc3 Qc7 6. Be2 a6 7. O-O Nf6 8. Kh1
Bb4 9. f4 Bxc3 10. bxc3 Nxe4 11. Bd3 d5 12. Bxe4 dxe4 13. Nxc6 Qxc6 14. Ba3 Bd7
15. Qd4 Qd5 16. Qb4 O-O-O 17. Rfd1 Qb5 18. Qxe4 Bc6 19. Qe5 Bd5 20. Kg1 Qc6 21.
Rd2 f6 22. Qe3 Kb8 23. Bc5 Rc8 24. Bd4 Rhg8 25. a4 Ka8 26. Re1 g5 27. f5 exf5
28. Bxf6 Bxg2 29. Rxg2 Qxf6 30. Qe5 Qb6+ 31. Qd4 Qc7 32. Re5 Rgd8 33. Rd5 Rxd5
34. Qxd5 Qf4 35. Rf2 Qg4+ 36. Rg2 Qxa4 37. Rxg5 Qa1+ 38. Kg2 Qxc3 39. Rxf5 Qxc2+
40. Kg3 Qc6 41. Qf7 Qd6+ 42. Kg2 Rc2+ 43. Rf2 Qg6+ 0-1

[Event "2nd Kolkata GM Open 2015"]
[Site "Kolkata IND"]
[Date "2015.03.19"]
[Round "4.1"]
[White "Kostenko, Petr"]
[Black "Short, Nigel D"]
[Result "0-1"]
[WhiteTitle "GM"]
[BlackTitle "GM"]
[WhiteElo "2466"]
[BlackElo "2664"]
[WhiteFideId "13700669"]
[BlackFideId "400025"]
[EventDate "2015.03.16"]

1. c4 e5 2. g3 d6 3. Bg2 Nc6 4. Nc3 g6 5. d3 Bg7 6. e4 f5 7. Nge2 Nh6 8. h4 Nf7
9. Nd5 Ne7 10. h5 Nxd5 11. hxg6 hxg6 12. Rxh8+ Bxh8 13. cxd5 Bd7 14. Qb3 b5 15.
Be3 a5 16. Rc1 b4 17. Qc4 f4 18. Bd2 Ra7 19. a3 Qf6 20. f3 Bg7 21. axb4 axb4 22.
Qxb4 Nd8 23. Qc3 c5 24. dxc6 Nxc6 25. gxf4 Rb7 26. fxe5 Qh4+ 27. Kf1 Nxe5 28.
Be1 Qf6 29. d4 Nc6 30. Bf2 Qf7 31. Qd2 Qb3 32. Qg5 Ne7 33. Bh4 Bb5 34. Qd2 Bxe2+
35. Qxe2 Bxd4 36. Rd1 Be5 37. Bg5 Nc6 38. Bc1 Nd4 39. Qd3 Ne6 40. Bh3 Nf4 41.
Qxb3 Rxb3 42. Bg4 Ke7 43. Bd2 Rxb2 44. Be3 Kf6 45. Rc1 Rb3 46. Bg1 Nd3 47. Rc8
Rb1+ 48. Kg2 Nf4+ 0-1

[Event "2nd Kolkata GM Open 2015"]
[Site "Kolkata IND"]
[Date "2015.03.19"]
[Round "4.2"]
[White "Narayanan, Srinath"]
[Black "Ganguly, Surya Shekhar"]
[Result "0-1"]
[WhiteTitle "IM"]
[BlackTitle "GM"]
[WhiteElo "2459"]
[BlackElo "2603"]
[WhiteFideId "5018420"]
[BlackFideId "5002150"]
[EventDate "2015.03.16"]

1. e4 c5 2. Nf3 e6 3. d4 cxd4 4. Nxd4 Nc6 5. Nc3 Qc7 6. Be3 a6 7. Qf3 Ne5 8. Qg3
h5 9. Bf4 d6 10. Bg5 Bd7 11. f4 Nc6 12. O-O-O Nxd4 13. Rxd4 Qc5 14. Rd1 h4 15.
Qe1 Be7 16. Bxe7 Nxe7 17. Qd2 O-O-O 18. Qxd6 Qxd6 19. Rxd6 Ng6 20. Bc4 Nxf4 21.
Rf1 Ng6 22. Rxf7 Ne5 23. Rfxd7 Rxd7 24. Bxe6 Kc7 25. Rd5 Rxd5 26. exd5 Rf8 27.
Nd1 Rf1 28. Kd2 Nc4+ 29. Ke2 Rg1 30. b3 Nd6 31. Ne3 b5 32. Kd3 Kb6 33. Kd4 b4
34. c4 bxc3 35. Kxc3 a5 36. Kd4 Ra1 37. a4 Rb1 38. Nc4+ Nxc4 39. Kxc4 Re1 40.
Bf5 Re2 41. d6 Kc6 42. d7 Kc7 43. Bh3 Re4+ 44. Kd5 Rb4 45. Ke6 Kd8 46. Kf7 Rxb3
47. Kxg7 Ra3 48. Be6 Rxa4 49. g4 hxg3 50. hxg3 Re4 51. Bf5 Re7+ 52. Kf6 a4 53.
g4 a3 54. Bb1 Re1 55. Ba2 Re2 56. Bb3 Rb2 57. Bd5 Rd2 58. Bb3 Rb2 59. Bd5 a2 60.
Bxa2 Rxa2 61. g5 Kxd7 62. g6 Ke8 63. Kg7 Rg2 0-1

[Event "2nd Kolkata GM Open 2015"]
[Site "Kolkata IND"]
[Date "2015.03.19"]
[Round "4.3"]
[White "Xu, Yinglun"]
[Black "Sengupta, Deep"]
[Result "1/2-1/2"]
[BlackTitle "GM"]
[WhiteElo "2443"]
[BlackElo "2567"]
[WhiteFideId "8604940"]
[BlackFideId "5008352"]
[EventDate "2015.03.16"]

1. d4 Nf6 2. c4 e6 3. Nf3 d5 4. Nc3 c6 5. e3 a6 6. b3 Bb4 7. Bd2 Nbd7 8. Bd3 O-O
9. O-O Bd6 10. Rc1 e5 11. cxd5 cxd5 12. dxe5 Nxe5 13. Nxe5 Bxe5 14. Ne2 Bg4 15.
Bc3 Qd6 16. h3 Bxe2 17. Qxe2 Rac8 18. Bxe5 Qxe5 19. Qd2 Rfd8 20. Qb4 Rc7 21.
Rfd1 Rdc8 22. Rxc7 Rxc7 23. Qd2 g6 24. Rc1 Rxc1+ 25. Qxc1 Kg7 26. g3 h5 27. h4
Kh7 28. Qc8 Qe7 29. Qc3 Ne4 30. Bxe4 dxe4 1/2-1/2

[Event "2nd Kolkata GM Open 2015"]
[Site "Kolkata IND"]
[Date "2015.03.19"]
[Round "4.4"]
[White "Himanshu, Sharma"]
[Black "Lalith, Babu M.R."]
[Result "0-1"]
[WhiteTitle "IM"]
[BlackTitle "GM"]
[WhiteElo "2432"]
[BlackElo "2556"]
[WhiteFideId "5007836"]
[BlackFideId "5024595"]
[EventDate "2015.03.16"]

1. Nf3 Nf6 2. d4 e6 3. Bg5 h6 4. Bh4 d6 5. Nbd2 g5 6. Bg3 Nh5 7. e3 Bg7 8. Bd3
Qe7 9. Qe2 Nd7 10. O-O-O a6 11. Nf1 b5 12. N3d2 Ndf6 13. Ne4 Bb7 14. Nxf6+ Nxf6
15. e4 Nd7 16. c3 b4 17. Ne3 bxc3 18. bxc3 Nb6 19. Qb2 O-O 20. h4 g4 21. h5 Rab8
22. Qa3 Qd7 23. Bc2 f5 24. exf5 exf5 25. Bf4 Kh8 26. Qa5 Be4 27. Bb3 d5 28. Rhf1
Nc4 29. Nxc4 dxc4 30. Bc2 Qe7 31. Rfe1 Rb5 32. Qxa6 Rfb8 33. Bxh6 R5b6 34. Bxg7+
Kxg7 35. h6+ Kh7 36. Qxc4 Rc6 37. Qa4 Rxc3 38. Rd2 Qd6 39. f3 Bxc2 40. Rxc2 Qf4+
41. Kd1 Rb1+ 0-1

[Event "2nd Kolkata GM Open 2015"]
[Site "Kolkata IND"]
[Date "2015.03.19"]
[Round "4.5"]
[White "Kovalev, Vladislav"]
[Black "Das, Sayantan"]
[Result "1-0"]
[WhiteTitle "GM"]
[BlackTitle "IM"]
[WhiteElo "2531"]
[BlackElo "2433"]
[WhiteFideId "13504398"]
[BlackFideId "5034426"]
[EventDate "2015.03.16"]

1. e4 e6 2. d4 d5 3. Nc3 Bb4 4. e5 c5 5. a3 Bxc3+ 6. bxc3 Nc6 7. Qg4 g6 8. a4
Bd7 9. Nf3 Qa5 10. Bd2 O-O-O 11. Bb5 c4 12. O-O h6 13. h4 Nb8 14. Qf4 Rh7 15.
Rfb1 Ne7 16. g3 Bc6 17. Kg2 Nd7 18. Nh2 a6 19. Ng4 Nf5 20. Bxc6 bxc6 21. Qf3
Rhh8 22. Bc1 h5 23. Nf6 Nxf6 24. exf6 Nd6 25. Bf4 Qc7 26. Rb2 Kd7 27. Rab1 Rc8
28. Be5 a5 29. Qf4 Rh7 30. Rb6 Rhh8 31. Qc1 Rh7 32. Qa3 Rhh8 33. Rb7 1-0

[Event "2nd Kolkata GM Open 2015"]
[Site "Kolkata IND"]
[Date "2015.03.19"]
[Round "4.6"]
[White "Gagare, Shardul"]
[Black "Wang, Chen"]
[Result "1/2-1/2"]
[WhiteTitle "IM"]
[BlackTitle "IM"]
[WhiteElo "2417"]
[BlackElo "2500"]
[WhiteFideId "5037883"]
[BlackFideId "8601020"]
[EventDate "2015.03.16"]

1. d4 Nf6 2. c4 e6 3. Nf3 d5 4. Nc3 c6 5. e3 Nbd7 6. Qc2 g6 7. Be2 Bg7 8. O-O
O-O 9. Rd1 Qe7 10. a4 a5 11. b3 Re8 12. Ba3 Qd8 13. e4 Nxe4 14. Nxe4 dxe4 15.
Qxe4 c5 16. Rac1 Qc7 17. dxc5 Nxc5 18. Qe3 b6 19. Nd4 Rb8 20. Bf3 Bxd4 21. Rxd4
e5 22. Rd2 Bf5 23. g4 Be6 24. Bb2 f6 25. g5 Rbd8 26. Rcd1 Rxd2 27. Rxd2 Rd8 28.
Rxd8+ Qxd8 29. gxf6 Qxf6 30. Bxe5 Qf5 31. Bd4 Kf7 32. h4 Qh3 33. Qf4+ Qf5 34.
Qe3 Qh3 35. Qf4+ Qf5 36. Qe3 1/2-1/2

[Event "2nd Kolkata GM Open 2015"]
[Site "Kolkata IND"]
[Date "2015.03.19"]
[Round "4.7"]
[White "Ravi, Teja S."]
[Black "Shyam, Sundar M."]
[Result "1/2-1/2"]
[BlackTitle "GM"]
[WhiteElo "2401"]
[BlackElo "2491"]
[WhiteFideId "5017220"]
[BlackFideId "5019141"]
[EventDate "2015.03.16"]

1. d4 Nf6 2. Nf3 e6 3. c4 d5 4. Nc3 Bb4 5. cxd5 exd5 6. Bg5 h6 7. Bxf6 Qxf6 8.
Qb3 c5 9. dxc5 Nc6 10. e3 Be6 11. Bb5 Bxc5 12. Qa4 O-O 13. Bxc6 bxc6 14. Qxc6
Ba3 15. Rb1 Rfc8 16. Qa4 Bxb2 17. Rxb2 Qxc3+ 18. Rd2 Qa1+ 19. Rd1 Qc3+ 20. Rd2
Qa1+ 21. Rd1 Qc3+ 22. Rd2 Rc4 23. Qd1 Qa5 24. O-O Ra4 25. Qe2 Bc8 26. Qd1 Be6
27. Qe2 Bc8 28. Qd1 Be6 29. Qe2 Bc8 30. Qd1 Be6 1/2-1/2

[Event "2nd Kolkata GM Open 2015"]
[Site "Kolkata IND"]
[Date "2015.03.19"]
[Round "4.8"]
[White "Kunte, Abhijit"]
[Black "Gusain, Himal"]
[Result "1/2-1/2"]
[WhiteTitle "GM"]
[WhiteElo "2485"]
[BlackElo "2343"]
[WhiteFideId "5002265"]
[BlackFideId "5033861"]
[EventDate "2015.03.16"]

1. d4 d5 2. c4 e6 3. Nf3 c6 4. Nbd2 f5 5. g3 Nf6 6. Bg2 Bd6 7. O-O O-O 8. Qc2 b6
9. Ne5 Ne4 10. Ndf3 a5 11. Nd3 Bb7 12. Bf4 Bxf4 13. Nxf4 Qe7 14. Ne5 g5 15. Nfd3
Na6 16. cxd5 exd5 17. Nxc6 Qc7 18. Rac1 Rac8 19. Nde5 Nb8 20. f3 Nd6 21. e4 Nxc6
22. exd5 Nxe5 23. Qxc7 Rxc7 24. Rxc7 Nec4 25. Re1 Bxd5 26. b3 Nd2 27. Rd7 Rf6
28. Ree7 Bf7 29. Rd8+ Kg7 30. Red7 Nb5 31. d5 1/2-1/2